| 000 | 00670nam a22002172 4500 | ||
|---|---|---|---|
| 001 | 0000008467 | ||
| 005 | 20151217152033.0 | ||
| 008 | 080415s xx 000 0 eng d | ||
| 020 |
_a0851114091 : _cKES 890 |
||
| 040 |
_aKABU _cKABU |
||
| 100 | 1 |
_aPiper, John. _@0000149666 |
|
| 245 | 1 | 0 |
_aLet the nations be glad! : _bthe supremacy of God in missions / _cJohn Piper. |
| 250 | _aRev. ed. | ||
| 260 |
_aNottingham, England : _bInter-Varsity Press, _c2003. |
||
| 300 | _a255 p. | ||
| 650 | 0 |
_aMissions. _@0000149612 |
|
| 650 | 0 |
_aGlory of God _xChristianity. _@0000159050 |
|
| 908 | _a080415 | ||
| 950 | _@1 | ||
| 999 |
_c7583 _d7583 |
||